000 00500nam a2200217Ia 4500
005 20250425162652.0
008 250425s9999 xx 000 0 und d
020 _a0471051969
041 _aeng
082 _a546.22
100 _aSNOEYINK, VERNON L
245 0 _aWATER CHEMISTRY
250 _aS.E
260 _aEstados Unidos
_bJOHN WILEY & SONS
_c1980
260 _aNEW YORK
300 _a463
650 _aAGUA-QUIMICA
700 _aJENKINS, DAVID
942 _c01
010 _a95429
999 _c234015
_d234015